Statistics for The Flag of Germany Timeline Map Quiz

Click here to take the quiz!

General Stats

  • This quiz has been taken 386 times
  • The average score is 5 of 6

Answer Stats

Answer % Correct
Holy Roman Empire
87%
East Germany
80%
Nazi Germany
79%
German Empire, Nazi Germany
75%
German Empire, Weimar Republic, West Germany, Germany
67%
Occupied Germany
62%

Score Distribution

Percentile by Number Answered

Percent of People with Each Score

Your Score History

You have not taken this quiz